| 000 | 00553 a2200169 4500 | ||
|---|---|---|---|
| 010 | _a 00050188 | ||
| 020 | _a0201610876 | ||
| 040 |
_aDLC _bDLC |
||
| 082 | 0 | 0 | _a621.381/045 |
| 100 | 1 | _aKasap, S. O. | |
| 245 | 1 | 0 |
_aOptoelectronics and photonics: principles and practices _bprinciples and practices _cS.O. Kasap. |
| 260 |
_aUpper Saddle River, NJ : _bPrentice Hall, _cc2001. |
||
| 300 |
_axi, 340 p. : _bill. ; _c24 cm. + _e1 computer optical disc (4 3/4 in.) |
||
| 650 | 0 | _aOptoelectronic devices. | |
| 650 | 0 | _aPhotonics. | |
| 942 |
_cBK _k621.381045 KAS _2ddc |
||
| 999 |
_c4134 _d4134 |
||